|
|
|
|
| LEADER |
01652cas a2200241 a 4500 |
| 001 |
AALejournalIMF001053 |
| 008 |
230101c9999 xx r poo 0 0eng d |
| 020 |
|
|
|c 5.00 USD
|
| 020 |
|
|
|z 9781451856101
|
| 022 |
|
|
|a 1018-5941
|
| 040 |
|
|
|a BD-DhAAL
|c BD-DhAAL
|
| 100 |
1 |
|
|a Breuer, Peter.
|
| 245 |
1 |
0 |
|a Central Bank Participation in Currency Options Markets /
|c Peter Breuer.
|
| 264 |
|
1 |
|a Washington, D.C. :
|b International Monetary Fund,
|c 1999.
|
| 300 |
|
|
|a 1 online resource (40 pages)
|
| 490 |
1 |
|
|a IMF Working Papers
|
| 500 |
|
|
|a <strong>Off-Campus Access:</strong> No User ID or Password Required
|
| 500 |
|
|
|a <strong>On-Campus Access:</strong> No User ID or Password Required
|
| 506 |
|
|
|a Electronic access restricted to authorized BRAC University faculty, staff and students
|
| 520 |
3 |
|
|a This paper analyzes whether and how central banks can use currency options to lower exchange rate volatility and maintain (implicit) target zones in foreign exchange markets. It argues that selling rather than buying options will result in market makers dynamically hedging their long option exposure in a stabilizing manner, consistent with the first objective. Selling a 'strangle' allows a central bank to increase the credibility of its commitment to a target zone, and could have a lower expected cost than spot market interventions. However, this strategy also exposes the central bank to an unlimited loss potential.
|
| 538 |
|
|
|a Mode of access: Internet
|
| 830 |
|
0 |
|a IMF Working Papers; Working Paper ;
|v No. 1999/140
|
| 856 |
4 |
0 |
|z Full text available on IMF
|u http://elibrary.imf.org/view/journals/001/1999/140/001.1999.issue-140-en.xml
|z IMF e-Library
|